书目信息 |
| 题名: |
建筑设计创造能力开发教程
|
|
| 作者: | 罗玲玲 主编 | |
| 分册: | ||
| 出版信息: | 北京 中国建筑工业出版社 2003.08 |
|
| 页数: | 218, [12]页 | |
| 开本: | 27cm | |
| 丛书名: | ||
| 单 册: | ||
| 中图分类: | TU2 | |
| 科图分类: | ||
| 主题词: | 建筑设计--高等学校--教材 | |
| 电子资源: | ||
| ISBN: | 7-112-05468-0 | |
| 000 | 00717nam0 2200229 45 | |
| 001 | 012004000000 | |
| 005 | 20041130100321.49 | |
| 010 | @a7-112-05468-0@dCNY 26.00 | |
| 100 | @a20041024d2003 em y0chiy0121 ea | |
| 101 | 0 | @achi |
| 102 | @aCN@b110000 | |
| 105 | @aaf z 000yy | |
| 200 | 1 | @a建筑设计创造能力开发教程@Ajian zhu she ji chuang zao neng li kai fa jiao cheng@f罗玲玲主编 |
| 210 | @a北京@c中国建筑工业出版社@d2003.08 | |
| 215 | @a218, [12]页@c图@d27cm | |
| 300 | @a高校建筑学与城市规划专业教材 | |
| 320 | @a本书第217-218页附主要参考文献。 | |
| 606 | 0 | @a建筑设计@x高等学校@j教材 |
| 690 | @aTU2@v4 | |
| 701 | 0 | @a罗玲玲@Aluo ling ling@4主编 |
| 801 | 0 | @aCN@bQSSK3@c20041130 |
| 905 | @a10447@dTU2@eL940 | |
| 建筑设计创造能力开发教程/罗玲玲主编.-北京:中国建筑工业出版社,2003.08 |
| 218, [12]页:图;27cm |
| 高校建筑学与城市规划专业教材 |
| ISBN 7-112-05468-0:CNY 26.00 |
| ● |
| 相关链接 |
|
|
|
正题名:建筑设计创造能力开发教程
索取号:TU2/L940
 
预约/预借
| 序号 | 登录号 | 条形码 | 馆藏地/架位号 | 状态 | 备注 |
| 1 | 428230 | 204282301 | 建筑库101/101建筑库 30排3列1层/ [索取号:TU2/L940] | 在馆 | |
| 2 | 428231 | 204282310 | 建筑库101/101建筑库 30排3列1层/ [索取号:TU2/L940] | 在馆 | |
| 3 | 428232 | 204282329 | 建筑库101/101建筑库 30排3列1层/ [索取号:TU2/L940] | 在馆 |